Catálogo
 En Linea

52 recetas financieras para una mejor calidad de vida. / (Registro nro. 47588)

Detalles MARC
000 -CABECERA
campo de control de longitud fija 00595nam a2200181 a 4500
001 - NÚMERO DE CONTROL
campo de control 000048100
005 - FECHA Y HORA DE LA ÚLTIMA TRANSACCIÓN
campo de control 20201002060924.0
008 - DATOS DE LONGITUD FIJA--INFORMACIÓN GENERAL
campo de control de longitud fija 181115s2015 dr 000 spa d
020 ## - NÚMERO INTERNACIONAL ESTÁNDAR DEL LIBRO
Número Internacional Estándar del Libro 9789945082937
040 ## - FUENTE DE LA CATALOGACIÓN
Centro catalogador/agencia de origen DO-SdBNP
Lengua de catalogación spa
Centro/agencia transcriptor BNPHU
082 ## - NÚMERO DE LA CLASIFICACIÓN DECIMAL DEWEY
Número de clasificación xxx
Número de documento/Ítem S715c
100 ## - ENTRADA PRINCIPAL--NOMBRE DE PERSONA
Nombre de persona Sosa Sosa, Diego A.
9 (RLIN) 75584
245 #0 - MENCIÓN DE TÍTULO
Título 52 recetas financieras para una mejor calidad de vida. /
Mención de responsabilidad, etc. Diego A. Sosa Sosa.
246 10 - FORMA VARIANTE DE TÍTULO
Título propio/Titulo breve Cincuenta y dos recetas financieras para una mejor calidad de vida
260 ## - PUBLICACIÓN, DISTRIBUCIÓN, ETC.
Lugar de publicación, distribución, etc. Santo Domingo :
Nombre del editor, distribuidor, etc. Estilos,
Fecha de publicación, distribución, etc. 2015.
300 ## - DESCRIPCIÓN FÍSICA
Extensión 127 p. ;
Dimensiones 24 cm.
590 ## - NOTA LOCAL (RLIN)
Nota local Inventariado, 2018 / DG
Existencias
Estado de retiro Estado de pérdida Fuente del sistema de clasificación o colocación No para préstamo Código de colección Localización permanente Ubicación/localización actual Ubicación en estantería Fecha de adquisición Número de inventario Total de préstamos Signatura topográfica completa Código de barras Fecha visto por última vez Precio válido a partir de Tipo de ítem Koha Número de copia
    Dewey Decimal Classification Préstamo en sala Patrimonio Dominicano Biblioteca Nacional Pedro Henríquez Ureña Patrimonio Dominicano En catalogación 15.11.2018 LF1   BNPHU DS 48100-30 25.06.2020 25.06.2020 Libro y Folleto Colección Patrimonio Dominicano  
    Dewey Decimal Classification Excluido de préstamo Patrimonio Dominicano Biblioteca Nacional Pedro Henríquez Ureña Patrimonio Dominicano Depósito 15.11.2018 LF1   BNPHU PD 48100-10 25.06.2020 25.06.2020 Libro y Folleto Colección Patrimonio Dominicano  
    Dewey Decimal Classification Excluido de préstamo Patrimonio Dominicano Biblioteca Nacional Pedro Henríquez Ureña Patrimonio Dominicano Depósito 15.11.2018 LF1   BNPHU PD 48100-20 25.06.2020 25.06.2020 Libro y Folleto Colección Patrimonio Dominicano e.2

Con tecnología Koha